Cảm quan thời gian trong Lá cờ thêu sáu chữ vàng của Nguyễn Huy Tưởng /

সংরক্ষণ করুন:
গ্রন্থ-পঞ্জীর বিবরন
প্রধান লেখক: Lã Thị Bắc Lý.
বিন্যাস: প্রবন্ধ
ভাষা:Vietnamese
বিষয়গুলি:
ট্যাগগুলো: ট্যাগ যুক্ত করুন
কোনো ট্যাগ নেই, প্রথমজন হিসাবে ট্যাগ করুন!
Thư viện lưu trữ: Thư viện Trường Đại học Đà Lạt
LEADER 00841nam a2200265 4500
001 DLU180183780
005 ##20180302
040 # # |a DLU  |b vie 
041 # # |a vie 
044 # # |a vn 
100 # # |a Lã Thị Bắc Lý. 
245 # # |a Cảm quan thời gian trong Lá cờ thêu sáu chữ vàng của Nguyễn Huy Tưởng /  |c Lã Thị Bắc Lý. 
653 # # |a Không gian 
653 # # |a Lá cờ thêu sáu chữ vàng 
653 # # |a Nguyễn Huy Tưởng 
653 # # |a Thời gian 
773 # # |t Tạp chí Lý luận, phê bình văn học, nghệ thuật  |g Số 38, 2015, tr. 81-84 
920 # # |a Phòng Tạp chí --Trung tâm Thông tin - Thư viện Trường Đại học Đà Lạt 
900 # # |a True 
911 # # |a Lê Thị Hồng 
925 # # |a G 
926 # # |a A 
927 # # |a BB 
980 # # |a Thư viện Trường Đại học Đà Lạt